[Event "Uppsala Young Champions 2016"]
[Site "Uppsala Schackcentrum, Sweden"]
[Date "2016.10.31"]
[Round "5.10"]
[White "Carlsson, Ludvig"]
[Black "Mitra, Akash"]
[Result "1/2-1/2"]
[BlackElo "1515"]
[WhiteElo "2013"]
[LiveChessVersion "1.4.8"]

1. Nf3 {[%clk 1:30:57]} Nf6 {[%clk 1:25:38]} 2. g3 {[%clk 1:31:19]} Nc6
{[%clk 1:25:46]} 3. c4 {[%clk 1:30:51]} e5 {[%clk 1:25:32]} 4. Nc3
{[%clk 1:31:12]} Bc5 {[%clk 1:24:45]} 5. d3 {[%clk 1:30:43]} d6 {[%clk 1:24:11]}
6. Bg2 {[%clk 1:31:05]} h6 {[%clk 1:22:44]} 7. O-O {[%clk 1:31:26]} Be6
{[%clk 1:22:51]} 8. Na4 {[%clk 1:29:03]} Bb6 {[%clk 1:21:54]} 9. e4
{[%clk 1:24:21]} Qd7 {[%clk 1:19:17]} 10. b3 {[%clk 1:22:48]} Bh3
{[%clk 1:13:48]} 11. Re1 {[%clk 1:21:41]} Bd4 {[%clk 1:12:37]} 12. Nxd4
{[%clk 1:21:52]} Nxd4 {[%clk 1:12:44]} 13. Bb2 {[%clk 1:20:01]} c5
{[%clk 1:10:06]} 14. b4 {[%clk 1:14:56]} Bg4 {[%clk 1:07:19]} 15. f3
{[%clk 1:14:32]} Bxf3 {[%clk 1:04:14]} 16. Bxf3 {[%clk 1:14:54]} Nxf3+ 17. Qxf3
{[%clk 1:15:14]} Qxa4 {[%clk 1:02:14]} 18. bxc5 {[%clk 1:15:37]} Qb4
{[%clk 1:01:10]} 19. Qf2 {[%clk 1:15:15]} Ng4 {[%clk 0:58:57]} 20. Qe2
{[%clk 1:15:39]} Qxc5+ {[%clk 0:58:07]} 21. d4 {[%clk 1:15:59]} Qc8
{[%clk 0:56:37]} 22. c5 {[%clk 1:12:49]} exd4 {[%clk 0:46:31]} 23. cxd6
{[%clk 1:08:56]} O-O {[%clk 0:39:17]} 24. Bxd4 {[%clk 1:09:11]} Qd7
{[%clk 0:37:28]} 25. e5 {[%clk 1:06:14]} Rfe8 {[%clk 0:35:40]} 26. Qf3
{[%clk 1:04:30]} h5 {[%clk 0:30:34]} 27. h3 {[%clk 1:00:14]} Nh6 {[%clk 0:27:59]}
28. Qxh5 {[%clk 1:00:12]} Re6 {[%clk 0:27:11]} 29. Rac1 {[%clk 0:55:27]} Qa4
{[%clk 0:24:43]} 30. Bf2 {[%clk 0:55:44]} Rd8 {[%clk 0:23:18]} 31. Rc7
{[%clk 0:52:59]} Qa5 {[%clk 0:22:00]} 32. Qh4 {[%clk 0:51:22]} Rdxd6
{[%clk 0:20:41]} 33. exd6 {[%clk 0:51:35]} Rxe1+ {[%clk 0:20:27]} 34. Bxe1
{[%clk 0:51:55]} Qxe1+ {[%clk 0:20:33]} 35. Kg2 {[%clk 0:52:07]} Qe2+
{[%clk 0:20:48]} 36. Kg1 {[%clk 0:52:34]} Qe1+ {[%clk 0:21:11]} 37. Kg2
{[%clk 0:53:00]} Qe2+ {[%clk 0:21:18]} 38. Kg1 {[%clk 0:53:25]} Qe1+
{[%clk 0:21:38]} 1/2-1/2

[Event "Uppsala Young Champions 2016"]
[Site "Uppsala Schackcentrum, Sweden"]
[Date "2016.10.31"]
[Round "6.1"]
[White "Storme, Isak"]
[Black "Ragnarsson, Dagur"]
[Result "1/2-1/2"]
[BlackElo "2232"]
[WhiteElo "2153"]
[LiveChessVersion "1.4.8"]

1. e4 {[%clk 1:30:27]} e6 {[%clk 1:30:50]} 2. d4 {[%clk 1:30:51]} d5
{[%clk 1:31:17]} 3. Nc3 {[%clk 1:31:12]} Nf6 {[%clk 1:31:41]} 4. e5
{[%clk 1:31:34]} Nfd7 {[%clk 1:32:07]} 5. f4 {[%clk 1:31:57]} c5 {[%clk 1:32:35]}
6. Nf3 {[%clk 1:32:20]} Nc6 {[%clk 1:33:01]} 7. Be3 {[%clk 1:32:44]} Be7
{[%clk 1:33:27]} 8. Qd2 {[%clk 1:32:51]} O-O {[%clk 1:33:51]} 9. Be2
{[%clk 1:30:29]} b6 {[%clk 1:34:07]} 10. O-O {[%clk 1:30:17]} f5 {[%clk 1:34:28]}
11. exf6 {[%clk 1:18:01]} Nxf6 {[%clk 1:34:50]} 12. Bb5 {[%clk 1:11:32]} Bb7
{[%clk 1:33:32]} 13. Bxc6 {[%clk 1:10:46]} Bxc6 {[%clk 1:33:48]} 14. Rae1
{[%clk 1:04:47]} Ng4 {[%clk 1:22:31]} 15. h3 {[%clk 1:02:49]} Nxe3
{[%clk 1:21:42]} 16. Qxe3 {[%clk 1:03:09]} Rf6 {[%clk 1:21:53]} 17. f5
{[%clk 1:00:03]} cxd4 {[%clk 1:20:21]} 18. Nxd4 {[%clk 0:59:55]} Bc5
{[%clk 1:20:45]} 19. fxe6 {[%clk 0:59:29]} Qe7 {[%clk 1:16:48]} 20. Kh1
{[%clk 0:58:20]} Bxd4 {[%clk 1:15:51]} 21. Qxd4 {[%clk 0:58:40]} Rxf1+
{[%clk 1:16:12]} 22. Rxf1 {[%clk 0:59:04]} Qxe6 {[%clk 1:16:38]} 23. Rf2
{[%clk 0:55:25]} Rd8 {[%clk 1:11:41]} 24. Qh4 {[%clk 0:51:59]} Qe1+
{[%clk 1:08:47]} 25. Kh2 {[%clk 0:52:17]} Qe5+ {[%clk 1:09:04]} 26. Kh1
{[%clk 0:48:58]} g5 {[%clk 0:58:02]} 27. Qh5 {[%clk 0:46:12]} Qe1+
{[%clk 0:56:15]} 28. Kh2 {[%clk 0:46:29]} Qxf2 {[%clk 0:56:37]} 29. Qxg5+
{[%clk 0:46:45]} Kf7 {[%clk 0:57:02]} 30. Qxd8 {[%clk 0:46:59]} Qf4+
{[%clk 0:57:25]} 31. Kg1 {[%clk 0:41:27]} Qe3+ {[%clk 0:48:44]} 32. Kh1
{[%clk 0:35:29]} Qe1+ {[%clk 0:49:02]} 33. Kh2 {[%clk 0:35:54]} Qe5+
{[%clk 0:49:30]} 34. Kh1 {[%clk 0:35:08]} d4 {[%clk 0:49:55]} 35. Ne2
{[%clk 0:35:23]} Bxg2+ {[%clk 0:49:42]} 36. Kxg2 {[%clk 0:35:46]} Qxe2+
{[%clk 0:50:08]} 37. Kg3 {[%clk 0:35:21]} Qe3+ {[%clk 0:44:48]} 38. Kg2
{[%clk 0:35:40]} Qe4+ {[%clk 0:44:29]} 39. Kg3 {[%clk 0:33:03]} Qg6+
{[%clk 0:44:51]} 40. Kf4 {[%clk 0:32:26]} Qh6+ {[%clk 0:42:44]} 41. Kg3
{[%clk 0:31:35]} Qg6+ {[%clk 0:42:27]} 42. Kf4 {[%clk 0:31:58]} Qh6+
{[%clk 0:42:35]} 43. Kg3 {[%clk 0:31:44]} Qg6+ 1/2-1/2

[Event "Uppsala Young Champions 2016"]
[Site "Uppsala Schackcentrum, Sweden"]
[Date "2016.10.31"]
[Round "6.2"]
[White "Keinänen, Toivo"]
[Black "Jogstad, Martin"]
[Result "1-0"]
[BlackElo "2298"]
[WhiteElo "2345"]
[LiveChessVersion "1.4.8"]

1. c4 {[%clk 1:30:59]} c6 {[%clk 1:30:52]} 2. Nf3 {[%clk 1:31:05]} d5
{[%clk 1:31:16]} 3. g3 {[%clk 1:31:28]} Nf6 {[%clk 1:31:38]} 4. Bg2
{[%clk 1:31:49]} Bf5 {[%clk 1:31:51]} 5. cxd5 {[%clk 1:32:14]} cxd5
{[%clk 1:31:10]} 6. Qb3 {[%clk 1:32:29]} Qc8 {[%clk 1:27:36]} 7. Nc3
{[%clk 1:32:17]} e6 {[%clk 1:26:23]} 8. O-O {[%clk 1:29:02]} Nc6 {[%clk 1:24:36]}
9. d3 {[%clk 1:26:20]} Be7 {[%clk 1:23:04]} 10. Re1 {[%clk 1:26:04]} O-O
{[%clk 1:21:51]} 11. e4 dxe4 {[%clk 1:19:51]} 12. dxe4 {[%clk 1:26:12]} Bg4
{[%clk 1:16:35]} 13. Bg5 {[%clk 1:08:13]} Rd8 {[%clk 0:54:43]} 14. e5
{[%clk 1:00:15]} Bxf3 {[%clk 0:36:58]} 15. Bxf3 {[%clk 0:59:12]} Nd4
{[%clk 0:36:52]} 16. Qd1 {[%clk 0:54:37]} Nxf3+ {[%clk 0:29:01]} 17. Qxf3
{[%clk 0:54:53]} Nd5 {[%clk 0:29:26]} 18. Bxe7 {[%clk 0:53:04]} Nxe7
{[%clk 0:29:54]} 19. Ne4 {[%clk 0:49:15]} Nc6 {[%clk 0:26:33]} 20. Ng5
{[%clk 0:49:10]} Nxe5 {[%clk 0:24:15]} 21. Rxe5 {[%clk 0:47:45]} f6
{[%clk 0:24:35]} 22. Rxe6 {[%clk 0:45:26]} fxg5 {[%clk 0:24:47]} 23. Re7
{[%clk 0:44:54]} Rf8 {[%clk 0:23:56]} 24. Qd5+ {[%clk 0:45:03]} Kh8
{[%clk 0:24:21]} 25. Qxg5 {[%clk 0:45:16]} Rg8 {[%clk 0:24:42]} 26. Rd1
{[%clk 0:39:40]} Qc2 {[%clk 0:23:49]} 27. Qd2 {[%clk 0:39:35]} Qa4
{[%clk 0:23:22]} 28. b3 {[%clk 0:37:30]} Qc6 {[%clk 0:22:17]} 29. Qd5
{[%clk 0:32:59]} Qc2 {[%clk 0:21:06]} 30. Rxb7 {[%clk 0:33:01]} Qxa2
{[%clk 0:21:14]} 31. Rxg7 Rxg7 {[%clk 0:10:21]} 32. Qxa8+ {[%clk 0:31:25]} Rg8
{[%clk 0:10:48]} 33. Qf3 {[%clk 0:30:09]} Qb2 {[%clk 0:07:50]} 34. Qe3
{[%clk 0:29:58]} Rc8 {[%clk 0:06:27]} 35. Qd4+ {[%clk 0:30:00]} Qxd4
{[%clk 0:06:50]} 36. Rxd4 {[%clk 0:30:28]} Rb8 {[%clk 0:07:11]} 37. Rd7
{[%clk 0:30:46]} a6 {[%clk 0:07:29]} 38. Rd6 {[%clk 0:31:12]} a5 {[%clk 0:07:53]}
39. Rd5 {[%clk 0:31:40]} Rxb3 {[%clk 0:08:20]} 40. Rxa5 {[%clk 0:32:06]} Kg7
{[%clk 0:08:47]} 41. Ra6 {[%clk 0:32:16]} Rc3 {[%clk 0:09:15]} 42. Kg2
{[%clk 0:32:15]} Rb3 {[%clk 0:09:28]} 43. Re6 {[%clk 0:32:06]} Ra3
{[%clk 0:09:56]} 44. g4 {[%clk 0:31:09]} Rb3 {[%clk 0:10:23]} 45. f3
{[%clk 0:31:20]} Kf7 {[%clk 0:10:46]} 46. Ra6 {[%clk 0:31:47]} Kg7
{[%clk 0:11:10]} 47. Kg3 {[%clk 0:31:59]} Rb4 {[%clk 0:11:35]} 48. h4
{[%clk 0:31:56]} Rc4 {[%clk 0:11:56]} 49. g5 {[%clk 0:31:36]} Rb4
{[%clk 0:12:12]} 50. h5 {[%clk 0:31:18]} Rb7 {[%clk 0:11:52]} 51. Kg4
{[%clk 0:31:40]} Rc7 {[%clk 0:12:04]} 52. f4 {[%clk 0:32:05]} Rb7
{[%clk 0:12:27]} 53. Ra8 {[%clk 0:31:57]} Rc7 {[%clk 0:12:34]} 54. h6+
{[%clk 0:31:30]} Kf7 {[%clk 0:12:57]} 55. Rh8 {[%clk 0:31:37]} Ke6
{[%clk 0:13:15]} 56. f5+ {[%clk 0:31:33]} Kd6 {[%clk 0:12:14]} 57. Rd8+
{[%clk 0:31:47]} Ke7 {[%clk 0:12:35]} 58. Rg8 {[%clk 0:31:44]} Rc1
{[%clk 0:12:57]} 59. Rg7+ {[%clk 0:32:03]} Kf8 {[%clk 0:13:25]} 60. Rxh7
{[%clk 0:32:19]} Kg8 {[%clk 0:13:49]} 61. Rg7+ {[%clk 0:32:46]} Kh8
{[%clk 0:14:18]} 62. Ra7 {[%clk 0:32:45]} Rc5 {[%clk 0:14:00]} 63. f6
{[%clk 0:32:24]} Rc7 {[%clk 0:12:16]} 64. Rxc7 {[%clk 0:32:41]} 1-0

[Event "Uppsala Young Champions 2016"]
[Site "Uppsala Schackcentrum, Sweden"]
[Date "2016.10.31"]
[Round "6.3"]
[White "Johannesson, Oliver Aron"]
[Black "Tuomainen, Felix"]
[Result "1/2-1/2"]
[BlackElo "2198"]
[WhiteElo "2263"]
[LiveChessVersion "1.4.8"]

1. Nf3 Nf6 2. c4 e6 3. g3 d5 4. Bg2 {[%clk 1:26:53]} dxc4 {[%clk 1:28:32]} 5.
Qa4+ {[%clk 1:25:11]} Bd7 {[%clk 1:26:46]} 6. Qxc4 {[%clk 1:25:31]} c5
{[%clk 1:21:46]} 7. O-O {[%clk 1:18:59]} Bc6 {[%clk 1:17:55]} 8. Rd1
{[%clk 1:17:07]} Be7 {[%clk 1:14:45]} 9. Qc2 {[%clk 1:16:13]} O-O
{[%clk 1:12:48]} 10. d3 {[%clk 1:15:44]} b5 {[%clk 1:08:35]} 11. b3
{[%clk 1:12:25]} Qb6 {[%clk 1:07:48]} 12. Bb2 {[%clk 1:12:24]} Nbd7
{[%clk 1:06:41]} 13. Nbd2 {[%clk 1:12:33]} a5 {[%clk 1:06:01]} 14. Rac1
{[%clk 1:04:41]} Rfc8 {[%clk 1:04:33]} 15. e3 {[%clk 0:54:15]} a4
{[%clk 1:02:05]} 16. Ne5 {[%clk 0:53:39]} Bxg2 {[%clk 0:58:46]} 17. Nxd7
{[%clk 0:52:38]} Nxd7 {[%clk 0:57:21]} 18. Kxg2 {[%clk 0:52:53]} axb3
{[%clk 0:57:38]} 19. axb3 {[%clk 0:53:10]} Bf6 {[%clk 0:54:52]} 20. Ne4
{[%clk 0:52:29]} Bxb2 {[%clk 0:52:49]} 21. Qxb2 {[%clk 0:52:51]} Qc6
{[%clk 0:52:13]} 22. Kg1 {[%clk 0:52:18]} Qd5 {[%clk 0:52:20]} 23. Nc3
{[%clk 0:41:08]} Qb7 {[%clk 0:51:53]} 24. Ne4 {[%clk 0:40:19]} Qd5
{[%clk 0:52:10]} 25. Nc3 {[%clk 0:40:42]} Qb7 {[%clk 0:52:35]} 26. Ne4
{[%clk 0:41:07]} Qd5 {[%clk 0:52:58]} 1/2-1/2

[Event "Uppsala Young Champions 2016"]
[Site "Uppsala Schackcentrum, Sweden"]
[Date "2016.10.31"]
[Round "6.4"]
[White "Buchert, Vitus"]
[Black "Stefansson, Vignir Vatnar"]
[Result "0-1"]
[BlackElo "2163"]
[WhiteElo "1782"]
[LiveChessVersion "1.4.8"]

1. e4 {[%clk 1:30:50]} d5 {[%clk 1:30:34]} 2. exd5 {[%clk 1:31:16]} Qxd5
{[%clk 1:30:55]} 3. Nf3 {[%clk 1:31:41]} Bg4 {[%clk 1:31:14]} 4. Be2
{[%clk 1:32:05]} Nc6 {[%clk 1:31:36]} 5. d4 {[%clk 1:32:28]} O-O-O
{[%clk 1:31:54]} 6. c4 {[%clk 1:32:47]} Qa5+ {[%clk 1:28:10]} 7. Bd2
{[%clk 1:22:00]} Qf5 {[%clk 1:28:31]} 8. Be3 {[%clk 1:21:06]} Bxf3
{[%clk 1:26:01]} 9. Bxf3 {[%clk 1:21:29]} Nxd4 {[%clk 1:26:29]} 10. Bxd4
{[%clk 1:16:17]} Qe6+ {[%clk 1:26:49]} 11. Be2 {[%clk 1:15:23]} Qe4
{[%clk 1:26:44]} 12. Nc3 {[%clk 1:14:34]} Qxd4 {[%clk 1:26:30]} 13. Qxd4
{[%clk 1:14:19]} Rxd4 {[%clk 1:26:58]} 14. Nb5 {[%clk 1:14:33]} Rd8
{[%clk 1:27:09]} 15. Nxa7+ {[%clk 1:14:46]} Kb8 {[%clk 1:27:33]} 16. Nb5
{[%clk 1:15:08]} e5 {[%clk 1:27:55]} 17. Rd1 {[%clk 1:13:34]} Bb4+
{[%clk 1:28:23]} 18. Nc3 {[%clk 1:11:13]} Rxd1+ {[%clk 1:28:34]} 19. Kxd1
{[%clk 1:11:07]} Bxc3 {[%clk 1:28:57]} 20. bxc3 {[%clk 1:11:32]} Nf6
{[%clk 1:28:44]} 21. Kc2 {[%clk 1:09:35]} c6 {[%clk 1:28:50]} 22. Re1
{[%clk 1:06:59]} Kc7 {[%clk 1:27:51]} 23. Bf3 {[%clk 1:04:53]} Re8
{[%clk 1:28:10]} 24. Be4 {[%clk 1:04:45]} Nd7 {[%clk 1:27:41]} 25. Bf5
{[%clk 1:02:43]} Nc5 {[%clk 1:27:06]} 26. f4 {[%clk 0:49:14]} g6 {[%clk 1:26:57]}
27. Bh3 {[%clk 0:49:13]} e4 {[%clk 1:27:09]} 28. g4 {[%clk 0:49:13]} Ra8
{[%clk 1:26:51]} 29. Kb1 {[%clk 0:49:04]} Rd8 {[%clk 1:24:48]} 30. Bg2
{[%clk 0:47:42]} Rd3 {[%clk 1:20:10]} 31. Kc2 {[%clk 0:46:15]} f5
{[%clk 1:20:37]} 32. gxf5 {[%clk 0:41:36]} gxf5 {[%clk 1:21:06]} 33. Rd1
{[%clk 0:36:30]} Kd6 34. Bf1 {[%clk 0:34:39]} Rxd1 {[%clk 1:21:04]} 35. Kxd1
{[%clk 0:34:54]} Ne6 {[%clk 1:19:56]} 36. Bh3 {[%clk 0:35:15]} Ng7
{[%clk 1:20:25]} 37. Kd2 {[%clk 0:34:57]} Kc5 {[%clk 1:19:13]} 38. Bf1
{[%clk 0:34:36]} Ne8 {[%clk 1:19:34]} 39. Kc2 {[%clk 0:34:13]} Nd6
{[%clk 1:19:56]} 40. Kb3 {[%clk 0:33:54]} h6 {[%clk 1:18:22]} 41. Be2
{[%clk 0:31:48]} Ne8 {[%clk 1:16:42]} 42. Kc2 {[%clk 0:31:11]} Nc7
{[%clk 1:17:06]} 43. Kd2 {[%clk 0:26:18]} b6 {[%clk 1:16:55]} 44. Bf1
{[%clk 0:25:48]} Ne8 {[%clk 1:17:11]} 45. Kc2 {[%clk 0:26:03]} Kd6
{[%clk 1:15:38]} 46. Kd2 {[%clk 0:20:45]} Ke6 {[%clk 1:15:26]} 47. Ke3
{[%clk 0:20:01]} c5 {[%clk 1:14:14]} 48. Be2 {[%clk 0:20:09]} Kf6
{[%clk 1:14:34]} 49. Bd1 {[%clk 0:19:52]} Kg6 {[%clk 1:14:55]} 50. Be2
{[%clk 0:20:08]} Nf6 {[%clk 1:15:11]} 51. Bd1 {[%clk 0:20:02]} h5
{[%clk 1:15:36]} 52. h3 {[%clk 0:18:53]} h4 {[%clk 1:15:50]} 53. Be2
{[%clk 0:18:56]} Nh5 {[%clk 1:14:42]} 54. Bxh5+ {[%clk 0:18:47]} Kxh5
{[%clk 1:15:11]} 55. Kd2 {[%clk 0:16:52]} Kg6 {[%clk 1:15:16]} 56. Kc2
{[%clk 0:14:54]} Kf6 {[%clk 1:15:39]} 57. Kb2 {[%clk 0:14:43]} Ke6
{[%clk 1:16:03]} 58. Kc2 {[%clk 0:15:02]} Kd6 {[%clk 1:16:28]} 59. Kb2
{[%clk 0:15:25]} Kc6 {[%clk 1:16:53]} 60. Kc2 {[%clk 0:15:49]} Kb7
{[%clk 1:17:03]} 61. Kb2 {[%clk 0:16:11]} Ka6 {[%clk 1:17:06]} 62. Kc2
{[%clk 0:16:37]} Ka5 {[%clk 1:17:32]} 63. Kb3 {[%clk 0:17:05]} b5
{[%clk 1:17:42]} 64. cxb5 {[%clk 0:15:40]} Kxb5 {[%clk 1:18:12]} 65. c4+
{[%clk 0:12:03]} Ka5 {[%clk 1:18:32]} 66. a3 {[%clk 0:12:27]} e3 {[%clk 1:18:35]}
67. Kc3 {[%clk 0:12:45]} Ka4 {[%clk 1:19:00]} 68. Kd3 {[%clk 0:13:06]} Kxa3
{[%clk 1:19:25]} 69. Kxe3 {[%clk 0:13:17]} Kb3 {[%clk 1:19:49]} 70. Kd3
{[%clk 0:12:48]} Kb4 {[%clk 1:20:18]} 71. Kd2 {[%clk 0:13:00]} Kxc4
{[%clk 1:20:42]} 72. Kc2 {[%clk 0:13:25]} Kd4 {[%clk 1:21:04]} 73. Kb3
{[%clk 0:13:50]} Ke4 {[%clk 1:21:27]} 74. Kc4 {[%clk 0:14:12]} Kxf4
{[%clk 1:21:49]} 75. Kxc5 {[%clk 0:14:36]} Ke5 76. Kd4+ 0-1

[Event "Uppsala Young Champions 2016"]
[Site "Uppsala Schackcentrum, Sweden"]
[Date "2016.10.31"]
[Round "6.5"]
[White "Nilsson, Joakim"]
[Black "Seo, Jung Min"]
[Result "1/2-1/2"]
[BlackElo "2131"]
[WhiteElo "2059"]
[LiveChessVersion "1.4.8"]

1. Nf3 {[%clk 1:30:58]} Nf6 {[%clk 1:30:49]} 2. c4 {[%clk 1:30:46]} c6
{[%clk 1:31:13]} 3. d4 {[%clk 1:30:53]} d5 {[%clk 1:31:37]} 4. Qc2
{[%clk 1:31:18]} g6 {[%clk 1:30:58]} 5. Bf4 {[%clk 1:30:03]} Bg7 {[%clk 1:29:58]}
6. e3 {[%clk 1:30:23]} O-O {[%clk 1:29:08]} 7. Bd3 {[%clk 1:29:40]} Nbd7
{[%clk 1:28:25]} 8. h3 {[%clk 1:28:59]} Re8 {[%clk 1:26:40]} 9. O-O
{[%clk 1:27:43]} Nb6 {[%clk 1:25:59]} 10. Nbd2 {[%clk 1:25:55]} dxc4
{[%clk 1:25:14]} 11. Nxc4 {[%clk 1:24:35]} Nbd5 {[%clk 1:22:57]} 12. Be5
{[%clk 1:23:51]} Nb4 {[%clk 1:22:25]} 13. Qe2 {[%clk 1:23:27]} Nxd3
{[%clk 1:22:51]} 14. Qxd3 {[%clk 1:23:42]} Nd5 {[%clk 1:09:17]} 15. Bxg7
{[%clk 1:20:52]} Kxg7 {[%clk 1:09:45]} 16. e4 {[%clk 1:11:07]} Nb6
{[%clk 1:08:10]} 17. Ne3 {[%clk 1:05:00]} e5 {[%clk 1:04:16]} 18. d5
{[%clk 0:56:14]} cxd5 {[%clk 0:47:38]} 19. exd5 {[%clk 0:54:53]} f5
{[%clk 0:46:13]} 20. Rac1 {[%clk 0:47:43]} e4 {[%clk 0:42:30]} 21. Qd4+
{[%clk 0:46:58]} Kg8 {[%clk 0:40:01]} 22. Nd2 {[%clk 0:45:12]} Bd7
{[%clk 0:36:04]} 23. d6 {[%clk 0:33:52]} Bc6 {[%clk 0:30:26]} 24. Ndc4
{[%clk 0:29:50]} Re6 {[%clk 0:25:57]} 25. Rfd1 {[%clk 0:29:28]} Qf8 26. Ne5
{[%clk 0:27:30]} Rd8 {[%clk 0:16:59]} 27. N3c4 {[%clk 0:22:50]} Nxc4
{[%clk 0:16:23]} 28. Nxc4 {[%clk 0:21:05]} b5 {[%clk 0:15:48]} 29. Qc5
{[%clk 0:19:51]} bxc4 {[%clk 0:15:42]} 30. Qxc6 {[%clk 0:20:05]} Rexd6
{[%clk 0:13:34]} 31. Qxc4+ {[%clk 0:20:01]} Kh8 {[%clk 0:14:15]} 32. Qc3+
{[%clk 0:20:02]} Kg8 {[%clk 0:13:43]} 33. Qb3+ {[%clk 0:19:48]} Kh8
{[%clk 0:14:00]} 34. Qc3+ {[%clk 0:20:03]} Qg7 {[%clk 0:13:00]} 35. Rxd6
{[%clk 0:20:14]} Rxd6 {[%clk 0:13:22]} 36. Qa5 {[%clk 0:19:33]} h5
{[%clk 0:12:06]} 37. Rc8+ {[%clk 0:17:55]} Kh7 {[%clk 0:12:32]} 38. Qc5
{[%clk 0:17:39]} Rd7 {[%clk 0:11:42]} 39. Qf8 {[%clk 0:14:34]} Qxb2
{[%clk 0:10:48]} 40. Qg8+ {[%clk 0:14:03]} Kh6 {[%clk 0:11:14]} 41. Qe6
{[%clk 0:13:24]} Qa1+ {[%clk 0:10:25]} 42. Kh2 {[%clk 0:13:19]} Qd4
{[%clk 0:10:11]} 43. Rc6 {[%clk 0:13:33]} Qg7 {[%clk 0:08:45]} 44. Qxf5
{[%clk 0:13:31]} Re7 {[%clk 0:08:55]} 45. Qf4+ {[%clk 0:13:02]} Kh7
{[%clk 0:09:22]} 46. Rc4 {[%clk 0:13:01]} Rf7 {[%clk 0:08:53]} 47. Qg3
{[%clk 0:12:33]} Re7 {[%clk 0:07:41]} 48. Rc5 {[%clk 0:11:58]} Qf7
{[%clk 0:07:32]} 49. a4 {[%clk 0:11:23]} Qf6 {[%clk 0:07:28]} 50. Rd5
{[%clk 0:11:01]} Rg7 {[%clk 0:06:58]} 51. h4 {[%clk 0:09:50]} Qc6
{[%clk 0:06:54]} 52. Rd4 {[%clk 0:09:41]} Rd7 {[%clk 0:05:47]} 53. Rxd7+
{[%clk 0:08:41]} Qxd7 {[%clk 0:06:15]} 54. a5 {[%clk 0:08:43]} a6
{[%clk 0:05:37]} 55. Qg5 {[%clk 0:08:27]} Qc7+ {[%clk 0:05:46]} 56. g3
{[%clk 0:08:26]} Qa7 {[%clk 0:05:44]} 57. Qf4 {[%clk 0:08:40]} Qc5
{[%clk 0:05:41]} 58. Qf7+ {[%clk 0:08:56]} Kh6 {[%clk 0:05:58]} 59. Qf6
{[%clk 0:09:22]} Kh7 {[%clk 0:06:10]} 60. Qf7+ {[%clk 0:09:50]} Kh8
{[%clk 0:06:05]} 61. Qf6+ {[%clk 0:10:07]} Kh7 {[%clk 0:06:35]} 62. Qf7+
{[%clk 0:10:30]} 1/2-1/2

[Event "Uppsala Young Champions 2016"]
[Site "Uppsala Schackcentrum, Sweden"]
[Date "2016.10.31"]
[Round "6.6"]
[White "Emmoth, Alfons"]
[Black "Crevatin, Leo"]
[Result "1-0"]
[BlackElo "2030"]
[WhiteElo "1899"]
[LiveChessVersion "1.4.8"]

1. d4 {[%clk 1:30:57]} d5 {[%clk 1:30:48]} 2. c4 {[%clk 1:31:20]} c6
{[%clk 1:30:45]} 3. e3 {[%clk 1:31:34]} e6 {[%clk 1:31:08]} 4. Nf3
{[%clk 1:31:48]} Nf6 {[%clk 1:31:33]} 5. Nc3 {[%clk 1:32:12]} Nbd7
{[%clk 1:32:00]} 6. Qc2 {[%clk 1:32:27]} Bd6 {[%clk 1:31:14]} 7. b3
{[%clk 1:32:42]} O-O {[%clk 1:31:24]} 8. Be2 {[%clk 1:32:52]} b6 {[%clk 1:30:34]}
9. O-O {[%clk 1:32:43]} Bb7 {[%clk 1:31:00]} 10. Bb2 {[%clk 1:32:03]} Qe7
{[%clk 1:31:10]} 11. Rad1 {[%clk 1:31:29]} Rac8 {[%clk 1:23:23]} 12. e4
{[%clk 1:28:08]} dxe4 {[%clk 1:22:03]} 13. Nxe4 {[%clk 1:27:34]} Nxe4
{[%clk 1:22:28]} 14. Qxe4 {[%clk 1:27:56]} Nf6 {[%clk 1:22:54]} 15. Qh4
{[%clk 1:27:28]} Nd7 {[%clk 1:18:56]} 16. Qh3 {[%clk 1:22:20]} Rfe8
{[%clk 1:09:13]} 17. Rfe1 {[%clk 1:18:01]} Nf8 {[%clk 1:06:50]} 18. Bd3
{[%clk 1:12:49]} Ng6 {[%clk 1:04:24]} 19. Bc1 {[%clk 1:05:14]} Bb4
{[%clk 0:53:41]} 20. Bxg6 {[%clk 0:58:52]} hxg6 {[%clk 0:52:28]} 21. Ng5
{[%clk 0:57:50]} Qf6 {[%clk 0:51:21]} 22. Qh7+ {[%clk 0:55:26]} Kf8
{[%clk 0:51:40]} 23. Nf3 {[%clk 0:50:49]} Qf5 {[%clk 0:45:15]} 24. Bg5
{[%clk 0:38:59]} f6 {[%clk 0:42:55]} 25. Bh6 gxh6 {[%clk 0:41:07]} 26. Nh4
{[%clk 0:37:27]} Bxe1 {[%clk 0:37:27]} 27. Rxe1 {[%clk 0:36:46]} Re7
{[%clk 0:36:23]} 28. Nxg6+ {[%clk 0:36:40]} Qxg6 {[%clk 0:36:48]} 29. Qxg6
{[%clk 0:37:04]} c5 {[%clk 0:36:50]} 30. Qxf6+ {[%clk 0:36:09]} Rf7
{[%clk 0:37:12]} 31. Qxh6+ {[%clk 0:35:18]} Kg8 {[%clk 0:37:13]} 32. Re3
{[%clk 0:34:37]} 1-0

[Event "Uppsala Young Champions 2016"]
[Site "Uppsala Schackcentrum, Sweden"]
[Date "2016.10.31"]
[Round "6.7"]
[White "Aira, Leonardo"]
[Black "Bannout, Edvin"]
[Result "1-0"]
[BlackElo "1818"]
[WhiteElo "1861"]
[LiveChessVersion "1.4.8"]

1. e4 {[%clk 1:30:01]} e6 {[%clk 1:30:59]} 2. d3 {[%clk 1:30:22]} d5
{[%clk 1:31:24]} 3. Nd2 {[%clk 1:30:48]} Nf6 {[%clk 1:30:11]} 4. Ngf3
{[%clk 1:30:39]} c5 {[%clk 1:24:44]} 5. g3 {[%clk 1:30:22]} Nc6 {[%clk 1:25:02]}
6. Bg2 {[%clk 1:30:40]} Be7 {[%clk 1:24:50]} 7. O-O {[%clk 1:30:07]} O-O
{[%clk 1:18:12]} 8. Re1 {[%clk 1:27:29]} dxe4 {[%clk 1:14:20]} 9. dxe4
{[%clk 1:27:05]} e5 {[%clk 1:11:49]} 10. c3 {[%clk 1:26:26]} Qc7 {[%clk 1:04:22]}
11. Qc2 {[%clk 1:25:43]} b6 {[%clk 0:59:53]} 12. Nc4 {[%clk 1:22:11]} Bb7
{[%clk 0:59:47]} 13. Bg5 {[%clk 1:03:47]} Nd7 {[%clk 0:39:02]} 14. Bxe7
{[%clk 1:00:56]} Nxe7 {[%clk 0:39:27]} 15. Rad1 {[%clk 0:58:35]} Rad8
{[%clk 0:34:36]} 16. Bh3 {[%clk 0:41:01]} Ba6 {[%clk 0:23:01]} 17. Qa4
{[%clk 0:30:58]} Bxc4 {[%clk 0:22:24]} 18. Qxc4 {[%clk 0:30:58]} Nc6
{[%clk 0:11:42]} 19. b4 {[%clk 0:24:45]} cxb4 {[%clk 0:05:10]} 20. cxb4
{[%clk 0:24:52]} Qb7 {[%clk 0:04:20]} 21. Rd6 {[%clk 0:20:27]} Nd4
{[%clk 0:02:19]} 22. Nxd4 {[%clk 0:15:29]} Rc8 {[%clk 0:01:37]} 23. Rxd7
{[%clk 0:09:51]} Qxd7 {[%clk 0:01:28]} 24. Qxc8 {[%clk 0:10:08]} Qxd4
{[%clk 0:01:34]} 25. Qc2 {[%clk 0:07:09]} Qxb4 {[%clk 0:01:48]} 26. Rd1
{[%clk 0:06:38]} a5 {[%clk 0:01:38]} 27. Rd5 {[%clk 0:05:58]} a4 {[%clk 0:01:30]}
28. Kg2 {[%clk 0:05:06]} a3 {[%clk 0:01:17]} 29. Rxe5 {[%clk 0:04:54]} g6
{[%clk 0:00:51]} 30. Rd5 {[%clk 0:03:38]} Re8 {[%clk 0:01:05]} 31. e5
{[%clk 0:02:21]} Qe1 {[%clk 0:01:02]} 32. Qd2 {[%clk 0:02:01]} Qe4+
{[%clk 0:00:49]} 33. f3 {[%clk 0:02:26]} Qb1 {[%clk 0:00:37]} 34. Rd8
{[%clk 0:01:24]} Rxd8 {[%clk 0:01:06]} 35. Qxd8+ {[%clk 0:01:53]} Kg7
{[%clk 0:01:27]} 36. Qf6+ {[%clk 0:01:50]} Kh6 {[%clk 0:01:20]} 37. Bg4
{[%clk 0:00:36]} Qxa2+ {[%clk 0:01:40]} 38. Kh3 {[%clk 0:01:01]} Qe2
{[%clk 0:00:40]} 39. Qf4+ {[%clk 0:00:46]} Kg7 {[%clk 0:01:02]} 40. Qf6+
{[%clk 0:01:03]} Kh6 {[%clk 0:01:21]} 41. f4 {[%clk 0:00:34]} Qf1+
{[%clk 0:01:34]} 42. Kh4 {[%clk 0:00:56]} Qf2 {[%clk 0:01:07]} 43. h3
{[%clk 0:01:02]} Qd2 44. Qe7 {[%clk 0:00:40]} Kg7 {[%clk 0:01:09]} 45. Be6
{[%clk 0:00:41]} Qe2 {[%clk 0:00:42]} 46. Qxf7+ {[%clk 0:01:00]} Kh6
{[%clk 0:01:09]} 47. Qf8# {[%clk 0:01:22]} 1-0